000 00574cam a22002053a 4500
001 45489
003 PGUSA
005 20140828084043.0
008 140425s2014||||xxu|||||s|||||000 | eng d
040 _aPGUSA
_beng
042 _adc
100 1 _aBaker, Emilie Kip
245 1 0 _aStories of Old Greece and Rome
_h[electronic resource] /
_cEmilie Kip Baker
260 _bProject Gutenberg,
_c2014
506 _aPublic domain in the USA.
516 _aElectronic text
830 0 _aProject Gutenberg
_v45489
856 4 0 _uhttp://www.gutenberg.org/ebooks/45489
942 _cEB
999 _c274740
_d274740